00417nam a2200157Ia 4500003000400000008004100004040001600045082001300061100002000074245005200094260004000146300001000186490002600196650001500222650002200237GCL140319s9999 xx 000 0 eng d aGCL / cGCL04a843bV E1 aVAILLAND, ROGER10aELOGE DU CARDINAL DE BERNIS / cVAILLAND, ROGER a[S.N] : bBERNARD GRASSET ، c1988 a129 P aLES CAHIERS ROUGESv004aLITERATURE04aFRENCH LITERATURE